000
00338pab a2200145 454500
008
180718b1989 xxu||||| |||| 00| 0 eng d
100
_a
Kanth, Amod K.
245
_a
Notes on Chinese police
260
_c
1989
300
_a
33-7
362
_a
Jul.-Sept.
650
_a
Police - China
773
_a
Indian Police Journal
909
_a
15592
999
_c
15592
_d
15592